Anora /
Una bailarina exótica y trabajadora sexual de Brooklyn conoce al millonario hijo de un oligarca ruso, de quien se enamora y con quien contrae de forma impetuosa matrimonio. Tras enterarse de la noticia, y de que el chico desaparece súbitamente, la familia del joven intentará de distintas maneras dis...
محفوظ في:
| المؤلف الرئيسي: | |
|---|---|
| مؤلفون آخرون: | , , , , , , , , , , |
| التنسيق: | |
| اللغة: | الإنجليزية |
| منشور في: |
EUA :
Cre Film : FilmNation,
2024, c2024
|
| الطبعة: | Edición especial aprobada por el realizador |
| سلاسل: | (Criterion Collection ;
1259/1) |
| الموضوعات: | |
| الوسوم: |
لا توجد وسوم, كن أول من يضع وسما على هذه التسجيلة!
|
MARC
| LEADER | 00000ngm^a2200000^a^4500 | ||
|---|---|---|---|
| 001 | 000622963 | ||
| 005 | 20251021000000.0 | ||
| 009 | 20260310133928.981 | ||
| 020 | |a 979-8-88607-267-9 | ||
| 037 | |a Acervo ITESO - Biblioteca | ||
| 041 | |a ING | ||
| 082 | |a 808. 8 |b CRI V. 1259 T. 1 | ||
| 100 | |a Baker, Sean |e (realización) | ||
| 240 | 1 | 1 | |a [Anora] |
| 245 | 1 | 0 | |a Anora / |c Realización de S. Baker. |
| 246 | 2 | |a Título en México: Anora | |
| 250 | |a Edición especial aprobada por el realizador | ||
| 264 | 4 | |a EUA : |b Cre Film : |b FilmNation, |c 2024, c2024 | |
| 264 | 2 | |a Nueva York, EUA : |b Criterion Collection [distribución], |c 2025, c2025 | |
| 300 | |a 1 blu-ray región A (139 min.) : |b color | ||
| 336 | |a imagen móvil bidimensional |b tdi |2 rdacontenido | ||
| 337 | |a video |b v |2 rdamedio | ||
| 338 | |a videodisco |b vd |2 rdasoporte | ||
| 440 | 1 | |a (Criterion Collection ; |v 1259/1) | |
| 520 | |a Una bailarina exótica y trabajadora sexual de Brooklyn conoce al millonario hijo de un oligarca ruso, de quien se enamora y con quien contrae de forma impetuosa matrimonio. Tras enterarse de la noticia, y de que el chico desaparece súbitamente, la familia del joven intentará de distintas maneras disolver el matrimonio. Lo que en principio parece un idílico cuento de Cenicienta, se torna en una cómica sátira sobre el sueño americano, sobre las crueles realidades del conflicto de clases y sobre las desilusiones del amor. | ||
| 546 | |a En inglés, armenio y ruso, con subtítulos opcionales: inglés | ||
| 546 | |a Audiodescripción en inglés, para ciegos y débiles visuales | ||
| 649 | |a XX | ||
| 650 | |a Armenios en Nueva York, EUA - |x Condiciones Sociales y Culturales | ||
| 650 | |a Rusos en Nueva York, EUA - |x Condiciones Sociales y Culturales | ||
| 650 | |a Prostitutas en el Cine | ||
| 650 | |a Mujeres en el Cine | ||
| 650 | |a Clases Sociales en el Cine | ||
| 650 | |a Clases Sociales - |z Nueva York, EUA (Ciudad) | ||
| 650 | |a Comedias Cinematográficas | ||
| 650 | |a Dramas Cinematográficos | ||
| 650 | |a Cine Independiente - |z EUA | ||
| 650 | |a Cine Norteamericano - |y 2020-2029 | ||
| 650 | |a Cine Norteamericano - |y Siglo XXI | ||
| 650 | |a Oligarquía - |z Rusia | ||
| 650 | |a Prostitución - |z Nueva York, EUA | ||
| 650 | |a Prácticas Culturales - |z Nueva York, EUA (Ciudad) | ||
| 650 | |a Lucha de Clases - |z Nueva York, EUA (Ciudad) - |x Tema Principal | ||
| 650 | |a Capitalismo - |z EUA | ||
| 650 | |a Amor | ||
| 650 | |a Matrimonio | ||
| 650 | |a Relaciones de Pareja | ||
| 650 | |a Las Vegas, EUA en el Cine | ||
| 650 | |a Nueva York, EUA en el Cine | ||
| 700 | |a Baker, Sean |e (guión) | ||
| 700 | |a Daniels, Drew |e (fotógrafo) | ||
| 700 | |a Pierce, Jocelyn |e (vestuario) | ||
| 700 | |a Baker, Sean |e (montaje) | ||
| 700 | |a Madison, Mikey |e (actuación) | ||
| 700 | |a Eydelshteyn, Mark |e (actuación) | ||
| 700 | |a Borisov, Yura |e (actuación) | ||
| 700 | |a Baker, Sean |e (comentarios) | ||
| 700 | |a Coco, Alex |e (comentarios) | ||
| 700 | |a Quan, Samantha |e (comentarios) | ||
| 700 | |a Hendrickson, Kim |e (producción) | ||
| 910 | |a Fondo General | ||
| 920 | |a Audiovisuales - Blu-rays | ||
| 940 | |a Películas | ||
| 905 | |a 309 | ||
| 901 | |a 622963-10 |b IT2 |c BRR |i C190718 |u 20251021 | ||
| 902 | |a https://opac.biblio.iteso.mx/vufind/Record/000622963 | ||